[Event "Amager CC-ch"]
[Site "Amager"]
[Date "2011.03.15"]
[Round "5"]
[White "Bekker Jensen, Morten Breinholdt"]
[Black "Friis, Jordy Ar"]
[Result "1/2-1/2"]
[WhiteElo "1890"]
[BlackElo "1530"]
[PlyCount "51"]
[EventDate "2011.01.25"]
[EventType "swiss"]
[EventRounds "7"]
[EventCountry "DEN"]
[SourceTitle "EXT 2023"]
[Source "ChessBase"]
[SourceDate "2022.10.05"]
[SourceVersion "1"]
[SourceVersionDate "2022.10.05"]
[SourceQuality "1"]

1. d4 d5 2. Nf3 Nf6 3. Bg5 c5 4. e3 e6 5. c3 Nc6 6. Nbd2 Be7 7. Bd3 Qc7 8. 0-0 e5 9. dxe5 Nxe5 10. Nxe5 Qxe5 11. Bf4 Qe6 12. Re1 0-0 13. c4 Qb6 14. Qc2 Be6 15. cxd5 Bxd5 16. e4 Be6 17. h3 h6 18. Be3 Rac8 19. f4 Bd7 20. Rad1 Bb5 21. Bxb5 Qxb5 22. b3 Rfd8 23. Nc4 Qc6 24. e5 Nd5 25. Bc1 b5 26. Nb2 1/2-1/2